| 000 | 00671nam a2200181Ia 4500 | ||
|---|---|---|---|
| 003 | GCL | ||
| 008 | 140319s9999 xx 000 0 ara d | ||
| 040 |
_aGCL / _cGCL |
||
| 082 | 0 | 4 |
_aق _b962.16 _bا ف |
| 100 | 1 | _aاحمد عبدالمجيد هريدى | |
| 245 | 1 | 0 |
_aفهرست خطط مصر : _bفهرس تحليلى لكتابى ابن دقماق والمقريزى عن مصر / _cاحمد عبدالمجيد هريدى |
| 260 |
_aالقاهرة : _bالمعهد العلمى الفرنسى للاثار الشرقية ، _c1983 |
||
| 300 |
_a3 مج ؛ _c24 سم |
||
| 490 | _a | ||
| 650 | 0 | 4 | _aمخطوطات |
| 650 | 0 | 4 | _aمصر - تاريخ |
| 942 |
_2ddc _cBK |
||
| 999 |
_c58564 _d58564 |
||